书目信息 |
| 题名: |
压电学
|
|
| 作者: | 孙慷 , 张福学 主编 | |
| 分册: | 上册 | |
| 出版信息: | 北京 国防工业出版社 1984 |
|
| 页数: | 547页 | |
| 开本: | 21cm | |
| 丛书名: | ||
| 单 册: | ||
| 中图分类: | O738 | |
| 科图分类: | ||
| 主题词: | 晶体-压电效应 , 压电效应-晶体 | |
| 电子资源: | ||
| ISBN: | ||
| 000 | 00688nam0 2200265 45 | |
| 001 | 0184002284 | |
| 005 | 20040706161236.3 | |
| 010 | @dCNY2.75 | |
| 091 | @a15034.2612(上) | |
| 100 | @a19950623d1984 emky0chiy0121 ea | |
| 101 | 0 | @achi |
| 102 | @aCN@b110000 | |
| 105 | @ay z 000yy | |
| 106 | @ar | |
| 200 | 10 | @a压电学@h上册@Aya dian xue@f孙慷, 张福学主编 |
| 210 | @a北京@c国防工业出版社@d1984 | |
| 215 | @a547页@d21cm | |
| 606 | @a晶体-压电效应 | |
| 606 | @a压电效应-晶体 | |
| 690 | @aO738@v3 | |
| 701 | 0 | @a孙慷@Asun kang@4主编 |
| 701 | 0 | @a张福学@Azhang fu xue@4主编 |
| 801 | 0 | @aCN@b上海图书馆@c20040706 |
| 801 | 2 | @aCN@bNLC@c20040706 |
| 905 | @f1@b108101@dO738@e2:1 | |
| 压电学.上册/孙慷, 张福学主编.-北京:国防工业出版社,1984 |
| 547页;21cm |
| ISBN :CNY2.75 |
| ● |
| 相关链接 |
|
|
|
|
正题名:压电学
索取号:O738/2:1
 
预约/预借
| 序号 | 登录号 | 条形码 | 馆藏地/架位号 | 状态 | 备注 |
| 1 | 0108101 | 001944123 | 第三借阅区/ [索取号:O738/2:1] | 在馆 | |
| 2 | 0108102 | 000627566 | 第二样本阅览室/ [索取号:O738/2:1] | 在馆 |